Представление документа в формате RUSMARC

ПолеНазваниеЗначение
  Тип записи a
  Библиографический уровень m
001 Контрольный номер cce5c03dd2bb4e3ebbcc3f1d4c51f28d
005 Дата корректировки 20141007142738.8
010 Индекс ISBN __
a ISBN 5-91131-006-6
101 Язык документа 0_
a Язык текста rus
102 Страна публикации __
a Страна публикации RU
200 Заглавие и сведения об ответственности 1_
a Заглавие Разработка и технологии производства рекламного продукта
b Общее обозначение материала Текст
e Сведения, относящиеся к заглавию Учебное пособие
f Первые сведения об ответственности Ф.И. Шарков, В.И. Гостенина
210 Выходные данные 1_
a Место издания М.
c Издательство Издательско-торговая корпорация "Дашков и К"
d Дата издания 2007
215 Физическое описание __
a Объем 340 с.
610 Ключевые слова 0_
a Ключевые слова реклама
a Ключевые слова модерация рекламных обращений
a Ключевые слова язык рекламы
a Ключевые слова интегрированные рекламные коммуникации
a Ключевые слова стилистика рекламы
a Ключевые слова жанры рекламы
686 Индексы других классификаций __
a Классификационный индекс 76.0
700 Автор _1
a Фамилия Шарков Ф.И., Гостенина В.И.
801 Источник записи _0
a Страна RU
b Организация РУК
g Правила каталогизации PSBO
801 Источник записи _1
a Страна RU
b Организация РУК
g Правила каталогизации PSBO
852 Данные о местонахождении __
i Авторский знак Ш 26
j Шифр хранения ББК 76.0
901 Тип документа __
t Тип документа m
937 Технологическая информация __
a Создатель записи (имя) ОрловаОВ
938 Служебная информация __
a Название организации Смоленский филиал
952 Тип литературы __
b Гриф литературы для ВШ гриф УМО
c Вид литературы учебное пособие